La phonétique / (Record no. 172955)

MARC details
000 -LEADER
campo de control de longitud fija 00766nam a2200253 i 4500
001 - NÚMERO DE CONTROL
campo de control 172955
003 - IDENTIFICADOR DE NÚMERO DE CONTROL
campo de control ES-MaACL
005 - FECHA Y HORA DE LA ÚLTIMA TRANSACCIÓN
campo de control 20250710062737.0
007 - CAMPO FIJO DE DESCRIPCIÓN FÍSICA--INFORMACIÓN GENERAL
campo de control de longitud fija t|
008 - DATOS DE LONGITUD FIJA--INFORMACIÓN GENERAL
campo de control de longitud fija 090918s1970 fr ||||1| fre d
080 ## - NÚMERO DE LA CLASIFICACIÓN DECIMAL UNIVERSAL
Número de la Clasificación Decimal Universal 81'342
080 ## - NÚMERO DE LA CLASIFICACIÓN DECIMAL UNIVERSAL
Número de la Clasificación Decimal Universal 811.133.1'342
100 1# - ENTRADA PRINCIPAL--NOMBRE DE PERSONA
Nombre de persona Malmberg, Bertil.
9 (RLIN) 75832
245 13 - MENCIÓN DEL TÍTULO
Título La phonétique /
Mención de responsabilidad, etc. par Bertil Malmberg.
250 ## - MENCION DE EDICION
Mención de edición 8e éd.
260 ## - PUBLICACIÓN, DISTRIBUCIÓN, ETC.
Lugar de publicación, distribución, etc. Paris :
Nombre del editor, distribuidor, etc. Presses Universitaires de France,
Fecha de publicación, distribución, etc. 1970.
300 ## - DESCRIPCIÓN FÍSICA
Extensión 126, [2] p. :
Otras características físicas il. ;
Dimensiones 18 cm.
490 1# - MENCIÓN DE SERIE
Mención de serie Que sais-je ? ;
Designación de volumen o secuencia 637
650 #4 - PUNTO DE ACCESO ADICIONAL DE MATERIA--TÉRMINO DE MATERIA
Término de materia o nombre geográfico como elemento de entrada Fonética.
9 (RLIN) 12922
650 #4 - PUNTO DE ACCESO ADICIONAL DE MATERIA--TÉRMINO DE MATERIA
Término de materia o nombre geográfico como elemento de entrada Lengua francesa-
Subdivisión general Fonética.
9 (RLIN) 141023
830 00 - PUNTO DE ACCESO ADICIONAL DE SERIE-TÍTULO UNIFORME
Título uniforme Que sais-je?
Designación de volumen o secuencia 637
9 (RLIN) 180931
852 4# - LOCALIZACIÓN
Ubicación ES-MaACL
Número de control de estantería E-12995
itemnumber R.139195
Nota libre . - Biblioteca Jacinto Martínez Lacalle
Holdings
Estatus retirado Estado de pérdida Estado de daño No para préstamo Biblioteca de origen Biblioteca actual Ubicación en estantería Fecha de adquisición Fuente de adquisición Total de préstamos Signatura topográfica completa Código de barras Visto por última vez Precio de reemplazo Tipo de ítem Koha
        Biblioteca del Ateneo de Madrid Biblioteca del Ateneo de Madrid Depósito 2 18/09/2009     E-12995 1181483 23/02/2023 23/02/2023 Libro impreso